Т. 103 (CIII) : Взаимодействия воды водных объектов с породами и донными отложениями; Гидрохимические материалы

Λεπτομέρειες βιβλιογραφικής εγγραφής
Parent link:Гидрохимические материалы: [сборник]/ Академия наук СССР (АН СССР), Гидрохимический институт. Т. 103 (CIII) : Взаимодействия воды водных объектов с породами и донными отложениями.— , 1915-1992
Άλλοι συγγραφείς: Зенин А. А. (редактор)
Γλώσσα:Ρωσικά
Έκδοση: 1988
Θέματα:
Μορφή: MixedMaterials Βιβλίο
KOHA link:https://koha.lib.tpu.ru/cgi-bin/koha/opac-detail.pl?biblionumber=259601

MARC

LEADER 00000nam2a2200000 4500
001 259601
005 20231101233412.0
035 |a (RuTPU)RU\TPU\book\282546 
035 |a RU\TPU\book\182341 
090 |a 259601 
100 |a 20140512d1988 k y0rusy5003 ca 
101 0 |a rus 
102 |a RU 
105 |a a z 001zy 
200 0 |a Т. 103 (CIII) : Взаимодействия воды водных объектов с породами и донными отложениями  |f под ред. А. А. Зенина 
210 |d 1988 
215 |a 202 с.  |c ил. 
320 |a Библиогр. в конце статей 
461 1 |0 (RuTPU)RU\TPU\book\210718  |t Гидрохимические материалы  |o [сборник]  |f Академия наук СССР (АН СССР), Гидрохимический институт  |v Т. 103 (CIII) : Взаимодействия воды водных объектов с породами и донными отложениями  |d 1915-1992 
606 1 |a Гидрология общая  |2 stltpush  |3 (RuTPU)RU\TPU\subj\6718  |9 34528 
610 1 |a вода 
610 1 |a водные объекты 
610 1 |a взаимодействие 
610 1 |a горные породы 
610 1 |a донные отложения 
675 |a 556.114  |z rus  |v 3 
702 1 |a Зенин  |b А. А.  |4 340 
801 0 |a RU  |b RuMRKP  |c 19950704  |g psbo 
801 1 |a RU  |b 63413507  |c 20091023 
801 2 |a RU  |b 63413507  |c 20210304  |g RCR 
942 |c BK